ՀՀ Գիտությունների ազգային ակադեմիայի հիմնարար գիտական գրադարան  =   Fundamental Scientific Library of NAS RA

Calibration and verification of surfaces contamination meters - Procedures and techniques / (Record no. 203377)

MARC details
000 -LEADER
fixed length control field 01168nam a2200325 u 4500
001 - CONTROL NUMBER
control field 000541964
003 - CONTROL NUMBER IDENTIFIER
control field AM-YeHGA
005 - DATE AND TIME OF LATEST TRANSACTION
control field 20250617135600.0
008 - FIXED-LENGTH DATA ELEMENTS--GENERAL INFORMATION
fixed length control field 070620s2007 |||a r 000 0 eng d
022 ## - INTERNATIONAL STANDARD SERIAL NUMBER
International Standard Serial Number 1019-0643
040 ## - CATALOGING SOURCE
Original cataloging agency AM-YeHGA
041 0# - LANGUAGE CODE
Language code of text/sound track or separate title eng
090 ## - LOCALLY ASSIGNED LC-TYPE CALL NUMBER (OCLC); LOCAL CALL NUMBER (RLIN)
-- 204871
245 00 - TITLE STATEMENT
Title Calibration and verification of surfaces contamination meters - Procedures and techniques /
Statement of responsibility, etc. Christoph Sculer, Gernot Butterweck, Christian Wernli, Francois Bochud, Jean -Francois Valley.
260 ## - PUBLICATION, DISTRIBUTION, ETC.
Place of publication, distribution, etc. Villigen, Switzerland :
Name of publisher, distributor, etc. Paul Scherrer Institut,
Date of publication, distribution, etc. 2007.
300 ## - PHYSICAL DESCRIPTION
Extent i-viii, 72 p. :
Other physical details ill., some col.
440 #0 - SERIES STATEMENT/ADDED ENTRY--TITLE
Title Paul Sherrer Institut Bericht
Volume/sequential designation 07-02
440 #0 - SERIES STATEMENT/ADDED ENTRY--TITLE
Title PSI Bericht
Volume/sequential designation 07-02
500 ## - GENERAL NOTE
General note Title from cover
500 ## - GENERAL NOTE
General note "March 2007"
504 ## - BIBLIOGRAPHY, ETC. NOTE
Bibliography, etc. note Includes bibliogr. references (p. 70-72)
650 14 - SUBJECT ADDED ENTRY--TOPICAL TERM
Topical term or geographic name entry element Atomic energie
General subdivision Research
650 14 - SUBJECT ADDED ENTRY--TOPICAL TERM
Topical term or geographic name entry element Physics
General subdivision Radiation
700 1# - ADDED ENTRY--PERSONAL NAME
Personal name Schuler, Paul
700 1# - ADDED ENTRY--PERSONAL NAME
Personal name Butterweck, Gernot
700 1# - ADDED ENTRY--PERSONAL NAME
Personal name Wernli, Christian
700 1# - ADDED ENTRY--PERSONAL NAME
Personal name Bochud, Francois
700 1# - ADDED ENTRY--PERSONAL NAME
Personal name Valley, Jean-Francois
710 2# - ADDED ENTRY--CORPORATE NAME
Corporate name or jurisdiction name as entry element Paul Scherrer Institut
Subordinate unit Department Logistics. Division for Radiation Safety ans Security
Title of a work Bericht
Holdings
Withdrawn status Lost status Damaged status Not for loan Collection Home library Current library Date acquired Cost, normal purchase price Shelving control number Total checkouts Full call number Barcode Date last seen Price effective from Koha item type Public note
        General Fundamental Scientific Library Fundamental Scientific Library 28/12/2016 700.00     ПИ 2594/ 07-01 FL0003029 28/12/2016 28/12/2016 Գրքեր / Books 30 Days Loan


ՀՀ ԳԱԱ հիմնարար գիտական գրադարան
ՀՀ,Երևան 0019
Մարշալ Բաղրամյան 24/6
հեռախոս:(374-10) 52-47-50
Հետադարձ կապ

All site content, except where otherwise noted, is licensed under a
Creative Commons License